000 02378nam a22003257a 4500
001 4462
003 FISKH
005 20240911161816.0
008 240911b cb ||||| |||| 00| 0 eng d
020 _a9789995001810
040 _aFISKH
_bKhmer
_cFISKH
_dFISKH
050 _aPZ7
082 _a800
100 _aSakrolet , Chhim
_eauthor
245 _aប៊ុនឈៀនស្តាយក្រោយ /
_cby Chhim Sakrolet
250 _aបោះពុម្ពលើកទី១ឆ្នាំ២០១៣
260 _aភ្នំពេញ :
_bគ្រឺះស្ថានបោះពុម្ពនិងចែកផ្សាយ ( គ ប ច ) ;
_c2013 .
300 _a16 pages :
_bcolor illustrations;
_c18 cm .
490 _aរឿងនិទានអប់រំសម្រាប់កុមារ
505 _aO
520 _aប៊ុនឈៀនជាកូនចៅរបស់ត្រកូលខ្ពស់ដែលមានការអប់រំតឺងរឺងបំផុត ។ វាជាកុមារសុភាពរាបសា មិនចេះនិយាយស្តី តែវាឆេវឆាវបន្តិច ។ ដោយសារការខកចិត្តនឺងលទ្ធផលប្រលងឆមាស ប៊ុនឈៀនបានទាត់បំផ្លាញដំណាំ ។​ សិស្សដែលបានឃើញហេតុការណ៏ក៏រត់ទៅប្រាប់លោកគ្រូ ។ លោកគ្រូក៏បានណែនាំវា ។ ពេលចេញទៅផ្ទះវាក៏នឺកស្តាយក្រោយហើយក៏បានតូចចិត្តជាខ្លាំង ។​
520 _aBun Chhean is a descendant of a highly educated family. He was a gentle boy who could not talk, but he was a little angry. Disappointed with the results of the semester, Bun Chhean kicked the crop.The students who saw the incident ran to tell the teacher. The teacher also introduced it. When he went home, he regretted it and was very upset.
521 8 _a600
_bLexile estimate
521 8 _aO
_bRaz-Plus
650 _aប៊ុនឈៀន​
_vរឿងនិទានអប់រំ
650 _aBunchhean
_vEducational stories
700 _aSak, Mai
_eArtist
942 _2ddc
_cKHB
_n0
999 _c4462
_d4462